000 00708nam a2200217 i 4500
001 173295
003 ES-MaACL
005 20230906215214.0
008 091124s1998 fr |||| | fre d
020 _a2-7420-0209-X
080 _a616.12
100 1 _aBroustet, Jean-Paul.
_9141610
245 1 2 _aL'insuffisance cardiaque /
_cJean-Paul Broustet.
260 _aMontrouge :
_bJ. Libbey Eurotext,
_c1998.
300 _aVIII, 159 p. :
_bgráf. ;
_c22 cm.
490 1 _aPathologie, science, formation
650 4 _aCorazón-
_xEnfermedades.
_9144728
830 0 _aPathologie, science, formation
_9223504
852 4 _aES-MaACL
_jE-13215 . -
_zBiblioteca Jacinto Martínez Lacalle
999 _c173295
_d173295